000 00307nam a22001337a 4500
008 180301b xxu||||| |||| 00| 0 eng d
020 _a9780205261413
041 _aeng
080 _23rd
_a37
100 _a25
101 _aEDU
245 _aConversations readings for writing
_cDavis,R.S
942 _2udc
_cBK
999 _c43828
_d43828